000 00719nam a2200217Ii 4500
003 JO-AjNU
008 230605s9999||||xx |||||||||||||| ||und||
017 _a954/6/1998
040 _aJO-AjNU
_bara
_erda
_cJO-AjNU
041 _aara
050 1 4 _aHF5686.C7.M85.1998
100 3 _aالمومني، منذر طلال,
_eauthor
_964187
245 0 0 _aمحاسبة شركات الأشخاص
250 _aط1
264 3 1 _aاربد: دار الكندي للنشر والتوزيع، 1999
300 _a241ص
336 _atext
_btxt
_2rdacontent
337 _aunmediated
_bn
_2rdamedia
338 _avolume
_bnc
_2rdacarrier
650 4 _aالعلوم التطبيقية-محاسبة الشركات الخاصة
_964188
999 _aA29156
_c32724
_d32724